000 00437nam a2200145Ia 4500
008 211109s9999||||xx |||||||||||||| ||und||
082 _a823.3
_bFAR-D
100 _aJohn, Farrow
245 0 _aDamien The Leper
260 _bDonated By Mr Joseph Varghese M A Eng D
_aEpt
_c1973
300 _a234p.
630 _xGeneral Stack
650 _aEnglish Literature
_vEnglish Fiction
_xEnglish NovelsEnglish Short StoriesGeneralia
942 _cBOOK
999 _c62409
_d62409